Modelovanie finančných kríz na báze technickej analýzy diplomová práca

Uložené v:
Podrobná bibliografia
Hlavný autor: Pihuličová, Jana
Korporativný autor: Národohospodárska fakulta EU. Katedra financií
Ďalší autori: Ochotnický, Pavol
Médium: Kniha
Jazyk:Slovak
Vydavateľské údaje: Bratislava 2011
Tagy: Pridať tag
Žiadne tagy, Buďte prvý, kto otaguje tento záznam!

MARC

LEADER 00000nbm a2200000 4500
001 0142278
005 20161109102004.3
041 0 |a slo 
044 |a SK 
245 1 0 |a Modelovanie finančných kríz na báze technickej analýzy  |b diplomová práca  |c Jana Pihuličová ; školiteľ: Pavol Ochotnický 
264 1 |a Bratislava  |c 2011 
300 |a 63 s. 
100 1 |a Pihuličová, Jana 
700 1 |a Ochotnický, Pavol 
710 2 |a Národohospodárska fakulta EU. Katedra financií